000 00876nam a2200253Ia 4500
003 OSt
005 20221005105700.0
006 a|||||r|||| 00| 0
007 ta
008 221004b |||||||| |||| 00| 0 hin d
020 _a8170554640 (hbk)
_c175
024 _a97089
037 _b1330, 02/03/2009, Pioneer Books Distributors
_cTextual
040 _aCRL
_cCRL
_bhin
041 _2hin
_ahin
082 _aY:1.2, 152P5
100 _aदुबे, श्याम चरण
245 0 _aसमय और संस्कृति
246 _aSamaya aur sanskṛuti
260 _aनई दिल्ली
_bवाणी प्रकाशन भारत
_c2005
300 _a186पृ0
_ccm.
942 _hY:1.2, 152P5
_cTEXL
_2cc
999 _c1016555
_d1016555